000 00324 a2200109 4500
001 ART_13072
005 20260410161735.0
008 260409a
245 1 0 _aEl valor de la opción Parte I
100 1 _aMarcel, Alberto E.
773 0 _tEjecutivos de finanzas
_g- Año 7, Nº 63 (feb./mar. 1990)
_wREV2863
999 _c18217
_d18217